<?xml version="1.0" encoding="UTF-8"?>
<record
    xmlns:xsi="http://www.w3.org/2001/XMLSchema-instance"
    xsi:schemaLocation="http://www.loc.gov/MARC21/slim http://www.loc.gov/standards/marcxml/schema/MARC21slim.xsd"
    xmlns="http://www.loc.gov/MARC21/slim">

  <leader>00586nam a22001577a 4500</leader>
  <controlfield tag="003">OSt</controlfield>
  <controlfield tag="005">20150928162649.0</controlfield>
  <controlfield tag="008">150928b        xxu||||| |||| 00| 0 eng d</controlfield>
  <datafield tag="040" ind1=" " ind2=" ">
    <subfield code="c">RUA </subfield>
  </datafield>
  <datafield tag="082" ind1=" " ind2=" ">
    <subfield code="a">ATM.Sp SAM 2003 B059 Or.1</subfield>
  </datafield>
  <datafield tag="100" ind1=" " ind2=" ">
    <subfield code="9">1504</subfield>
    <subfield code="a">SAM, BUNLEAP.</subfield>
  </datafield>
  <datafield tag="245" ind1=" " ind2=" ">
    <subfield code="a">Effect of pH DRC and coagulation time on Po, PRI and colour, &#x17A5;&#x1791;&#x17D2;&#x1792;&#x17B7;&#x1796;&#x179B;pH &#x1793;&#x17B7;&#x1784;&#x179A;&#x1799;&#x17C8;&#x1796;&#x17C1;&#x179B;&#x1791;&#x17BB;&#x1780;&#x17A2;&#x17C4;&#x1799;&#x1780;&#x1780;&#x1793;&#x17C3;&#x1787;&#x17D0;&#x179A;&#x1780;&#x17C5;&#x179F;&#x17CA;&#x17BC;&#x1785;&#x17C6;&#x1796;&#x17C4;&#x17C7;&#x178F;&#x17C6;&#x179B;&#x17C3;Po, PRI  &#x1793;&#x17B7;&#x1784;&#x1796;&#x178E;&#x17CC;</subfield>
  </datafield>
  <datafield tag="260" ind1=" " ind2=" ">
    <subfield code="a">Phnom Penh</subfield>
    <subfield code="b">RUA</subfield>
    <subfield code="c">2003</subfield>
  </datafield>
  <datafield tag="300" ind1=" " ind2=" ">
    <subfield code="a">54p.</subfield>
    <subfield code="b">ill.</subfield>
    <subfield code="c">29cm.</subfield>
  </datafield>
  <datafield tag="942" ind1=" " ind2=" ">
    <subfield code="2">ddc</subfield>
    <subfield code="c">ATMSP</subfield>
  </datafield>
  <datafield tag="999" ind1=" " ind2=" ">
    <subfield code="c">1415</subfield>
    <subfield code="d">1415</subfield>
  </datafield>
  <datafield tag="952" ind1=" " ind2=" ">
    <subfield code="0">0</subfield>
    <subfield code="1">0</subfield>
    <subfield code="2">ddc</subfield>
    <subfield code="4">0</subfield>
    <subfield code="6">ATM__SP_SAM_2003_000000000000000_B059_OR_1</subfield>
    <subfield code="7">0</subfield>
    <subfield code="9">6189</subfield>
    <subfield code="a">LBB</subfield>
    <subfield code="b">LBB</subfield>
    <subfield code="c">B059</subfield>
    <subfield code="d">2015-09-28</subfield>
    <subfield code="o">ATM.Sp SAM 2003 B059 Or.1</subfield>
    <subfield code="p">RUA001454</subfield>
    <subfield code="r">2015-09-28</subfield>
    <subfield code="w">2015-09-28</subfield>
    <subfield code="y">ATMSP</subfield>
  </datafield>
  <datafield tag="952" ind1=" " ind2=" ">
    <subfield code="0">0</subfield>
    <subfield code="1">0</subfield>
    <subfield code="2">ddc</subfield>
    <subfield code="4">0</subfield>
    <subfield code="6">ATM__SP_SAM_2003_000000000000000_B059_OR_2</subfield>
    <subfield code="7">0</subfield>
    <subfield code="9">6190</subfield>
    <subfield code="a">LBB</subfield>
    <subfield code="b">LBB</subfield>
    <subfield code="c">B059</subfield>
    <subfield code="d">2015-09-28</subfield>
    <subfield code="o">ATM.Sp SAM 2003 B059 Or.2</subfield>
    <subfield code="p">RUA001601</subfield>
    <subfield code="r">2015-09-28</subfield>
    <subfield code="w">2015-09-28</subfield>
    <subfield code="y">ATMSP</subfield>
  </datafield>
  <datafield tag="952" ind1=" " ind2=" ">
    <subfield code="0">0</subfield>
    <subfield code="1">0</subfield>
    <subfield code="2">ddc</subfield>
    <subfield code="4">0</subfield>
    <subfield code="6">ATM__SP_SAM_2003_000000000000000_B059_OR_3</subfield>
    <subfield code="7">0</subfield>
    <subfield code="9">6191</subfield>
    <subfield code="a">LBB</subfield>
    <subfield code="b">LBB</subfield>
    <subfield code="c">B059</subfield>
    <subfield code="d">2015-09-28</subfield>
    <subfield code="o">ATM.Sp SAM 2003 B059 Or.3</subfield>
    <subfield code="p">RUA001595</subfield>
    <subfield code="r">2015-09-28</subfield>
    <subfield code="w">2015-09-28</subfield>
    <subfield code="y">ATMSP</subfield>
  </datafield>
  <datafield tag="952" ind1=" " ind2=" ">
    <subfield code="0">0</subfield>
    <subfield code="1">0</subfield>
    <subfield code="2">ddc</subfield>
    <subfield code="4">0</subfield>
    <subfield code="6">ATM__SP_SAM_2003_000000000000000_B059_OR_4</subfield>
    <subfield code="7">0</subfield>
    <subfield code="9">6192</subfield>
    <subfield code="a">LBB</subfield>
    <subfield code="b">LBB</subfield>
    <subfield code="c">B059</subfield>
    <subfield code="d">2015-09-28</subfield>
    <subfield code="o">ATM.Sp SAM 2003 B059 Or.4</subfield>
    <subfield code="p">RUA001312</subfield>
    <subfield code="r">2015-09-28</subfield>
    <subfield code="w">2015-09-28</subfield>
    <subfield code="y">ATMSP</subfield>
  </datafield>
  <datafield tag="952" ind1=" " ind2=" ">
    <subfield code="0">0</subfield>
    <subfield code="1">0</subfield>
    <subfield code="2">ddc</subfield>
    <subfield code="4">0</subfield>
    <subfield code="6">ATM__SP_SAM_2003_000000000000000_B059_OR_5</subfield>
    <subfield code="7">0</subfield>
    <subfield code="9">6193</subfield>
    <subfield code="a">LBB</subfield>
    <subfield code="b">LBB</subfield>
    <subfield code="c">B059</subfield>
    <subfield code="d">2015-09-28</subfield>
    <subfield code="o">ATM.Sp SAM 2003 B059 Or.5</subfield>
    <subfield code="p">RUA001381</subfield>
    <subfield code="r">2015-09-28</subfield>
    <subfield code="w">2015-09-28</subfield>
    <subfield code="y">ATMSP</subfield>
  </datafield>
  <datafield tag="952" ind1=" " ind2=" ">
    <subfield code="0">0</subfield>
    <subfield code="1">0</subfield>
    <subfield code="2">ddc</subfield>
    <subfield code="4">0</subfield>
    <subfield code="6">ATM__SP_SAM_2003_000000000000000_B059_OR_6</subfield>
    <subfield code="7">0</subfield>
    <subfield code="9">36301</subfield>
    <subfield code="a">LBB</subfield>
    <subfield code="b">LBB</subfield>
    <subfield code="d">2016-01-25</subfield>
    <subfield code="l">1</subfield>
    <subfield code="o">ATM.Sp SAM 2003 B059 Or.6</subfield>
    <subfield code="p">RUA042368</subfield>
    <subfield code="r">2018-11-13</subfield>
    <subfield code="s">2018-10-22</subfield>
    <subfield code="w">2016-01-25</subfield>
    <subfield code="y">ATMSP</subfield>
  </datafield>
  <datafield tag="952" ind1=" " ind2=" ">
    <subfield code="0">0</subfield>
    <subfield code="1">0</subfield>
    <subfield code="2">ddc</subfield>
    <subfield code="4">0</subfield>
    <subfield code="6">ATM__SP_SAM_2003_000000000000000_B059_OR_7</subfield>
    <subfield code="7">0</subfield>
    <subfield code="9">84476</subfield>
    <subfield code="a">LBB</subfield>
    <subfield code="b">LBB</subfield>
    <subfield code="c">B059</subfield>
    <subfield code="d">2020-07-17</subfield>
    <subfield code="o">ATM.Sp SAM 2003 B059 Or.7</subfield>
    <subfield code="p">RUA001387</subfield>
    <subfield code="r">2020-07-17</subfield>
    <subfield code="w">2020-07-17</subfield>
    <subfield code="y">ATMSP</subfield>
  </datafield>
</record>
